Allgemeinwissen-Quiz #57 - Statistiken

Allgemein
  • Dieses Quiz wurde 87 mal gespielt
  • Das Durchschnittsergebnis liegt bei 11 aus 20
Antwortstatistiken
Frage Antwort % Korrekt
Worunter leidet man bei einer Gastroenteritis? Magen-Darm-Beschwerden
88%
Wie heisst der vierte und letzte Teletubby neben Tinky-Winky, Dipsy und Laa-Laa? Po
85%
In der Serie Breaking Bad produzierten Walter White und Jesse Pinkman welche Droge? Crystal Meth
81%
Welches dieser Bilder zeigt eine Kakerlake?
79%
Wie heisst das Nationalgericht von Schottland? Haggis
77%
Welche Persönlichkeit wurde im "Deutschen Herbst" 1977 von der RAF entführt, um die Freilassung der in Stammheim inhaftierten Personen zu erzwingen? Hanns Martin Schleyer
77%
Welche dieser Flaggen gehört zum Staat Oman?
69%
Wie viele Farben hat der Regenbogen? 7
59%
Wer schrieb das Buch "Der Besuch der alten Dame"? Friedrich Dürrenmatt
59%
Wie lautet die Hauptstadt von Honduras? Tegucigalpa
58%
Durch welche Plattform wurde Charli D’Amelio bekannt? TikTok
58%
Welches dieser Bilder stammt aus dem Film Dr. Seltsam oder: Wie ich lernte, die Bombe zu lieben (Originaltitel: Dr. Strangelove)?
51%
In welcher Filmwelt trifft man auf den Charakter General Grievous? Star Wars
50%
Auf welchem Bild sehen wir einen Jägerliest (Kookaburra)?
45%
Wie oft kommt es im Durchschnitt zu einer Mondfinsternis pro Jahr? Zwei- bis viermal
38%
Welcher Esports-Organisation gehört der Schachspieler Magnus Carlsen an? Team Liquid
27%
Welche dieser Blumen steht symbolisch für Kreativität? Iris
26%
Die Frauen-Fussball-EM 2025: Welches dieser Teams ist nicht in der gleichen Gruppe neben der Schweizer Frauen-Nationalmannschaft? Frankreich
23%
Bei welchem dieser Musiker handelt es sich um den Künstlernamen von Jarad Anthony Higgins? Juice World
23%
Welches ist das grösste Open-Air-Festival in der Schweiz? Paléo Festival Nyon
14%
Keine übereinstimmenden Quizze gefunden
Verteilung der Resultate
Anzahl Personen mit jedem Resultat
Perzentil nach korrekt beantworteten Fragen
Ihre Resultats-Entwicklung
Sie haben dieses Quiz noch nicht gespielt